Estudio comparativo de diferentes espesores de losa de pavimento, (Registro nro. 2525)

Detalles MARC
000 -LEADER
campo de control de longitud fija 02441nam a22003617a 4500
001 - NÚMERO DE CONTROL
campo de control 42835
003 - IDENTIFICADOR DE NÚMERO DE CONTROL
campo de control gtgccic
005 - FECHA Y HORA DE LA ÚLTIMA TRANSACCIÓN
campo de control 20251112124820.0
007 - CAMPO FIJO DE DESCRIPCIÓN FÍSICA--INFORMACIÓN GENERAL
campo de control de longitud fija ta
008 - DATOS DE LONGITUD FIJA--INFORMACIÓN GENERAL
campo de control de longitud fija 251112b gt ||||| |||| 00| 0 spa d
040 ## - FUENTE DE CATALOGACIÓN
Centro catalogador/agencia de origen gtgccic
Lengua de catalogación spa
Centro/agencia transcriptor gtgccic
Normas de descripción rda
084 ## - OTRO NÚMERO DE CLASIFICACIÓN
Número de control del registro de autoridad o número normalizado TPI-16-0112
100 10 - ENTRADA PRINCIPAL--NOMBRE DE PERSONA
Nombre de persona Luis Alfredo Ochoa Marroquín
Fechas asociadas al nombre Ingeniero Civil
Término indicativo de función/relación autor
245 10 - MENCIÓN DEL TÍTULO
Título Estudio comparativo de diferentes espesores de losa de pavimento,
Resto del título para la Ruta Nacional 7E tramo I, San Julián-Tamahú /
Mención de responsabilidad, etc. Ochoa Marroquín, Luis Alfredo
264 #1 - PRODUCCIÓN, PUBLICACIÓN, DISTRIBUCIÓN, FABRICACIÓN Y COPYRIGHT
Producción, publicación, distribución, fabricación y copyright Guatemala, Guatemala :
Nombre del de productor, editor, distribuidor, fabricante USAC, Facultad de Ingeniería ;
Fecha de producción, publicación, distribución, fabricación o copyright 2016.-
300 ## - DESCRIPCIÓN FÍSICA
Extensión xxxiv, 92 p. :
Otras características físicas il. ;
Dimensiones 27 cm
336 ## - TIPO DE CONTENIDO
Fuente rdacontenido
Término de tipo de contenido Texto
Código de tipo de contenido txt
337 ## - TIPO DE MEDIO
Fuente rdamedio
Nombre/término del tipo de medio sin mediación
Código del tipo de medio n
338 ## - TIPO DE SOPORTE
Fuente rdasoporte
Nombre/término del tipo de soporte volumen
Código del tipo de soporte nc
502 ## - NOTA DE TESIS
Nota de tesis Tesis Postgrado
Tipo de título MAESTRO EN INGENIERÍA VIAL
Nombre de la institución que otorga el título USAC, Facultad de Ingeniería, Escuela de Postgrado
Año de obtención del título 2016
Identificador de la tesis TPI-16-0112
504 ## - NOTA DE BIBLIOGRAFÍA, ETC.
Nota de bibliografía, etc. Nota Bibliografía pag. 71
505 ## - NOTA DE CONTENIDO CON FORMATO
Título 1. FACTORES A CONSIDERAR EN EL DISEÑO DE PAVIMENTOS DE CONCRETO HIDRÁULICO
505 ## - NOTA DE CONTENIDO CON FORMATO
Título 2. CARACTERÍSITICAS DEL PROYECTO
505 ## - NOTA DE CONTENIDO CON FORMATO
Título 3. PAVIMENTO RÍGIDO
505 ## - NOTA DE CONTENIDO CON FORMATO
Título 4. PROPUESTA PARA PAVIMENTACIÓN RÍGIDA SAN JULIÁN - TAMAHÚ
505 ## - NOTA DE CONTENIDO CON FORMATO
Título 5. DISEÑO DE MEZCLA DE CONCRETO HIDRÁULICO
505 ## - NOTA DE CONTENIDO CON FORMATO
Título 6. COMPARACIÓN DE RESULTADOS DE PROPUESTA DE PAVIMENTOS CON ESPESOR DE LOSA DE 0.175, 0.170, 0.16, 0.15 Y 0.14 METROS Y EL RESULTADO DE LA PROPUESTA AASHTO ´93
520 #3 - RESUMEN, ETC.
Sumario, etc. El presente trabajo es producto del análisis comparativo de espesores de pavimento rígico que se realizó entre el espesor propuesto en el estudio de Diseño del Proyecto Ruta Nacional 7E Tramo I San Julián - Chascó, utilizando la metodología que recomienda AASHTO 93 y el software Winpas para pavimentos rígidos de carreteras, con el fin de demostrar la vida útil de la losa de concreto hidráulico de acuerdo a su espesor. En el cálculo del espesor de superficie de rodadura de concreto hidráulico que soporte las exigencias impuestas por el tránsito usuario, se tomaron en cuenta las características geológicas y geotécnicas de los suelos de fundación sobre los que transcurre el trazo del subtramo en estudio y el tipo de vehículos que integran el tránsito usuario actual e integrarán el tránsito usuario proyectado en el período de análsis.
650 ## - PUNTO DE ACCESO ADICIONAL DE MATERIA--TÉRMINO DE MATERIA
Término de materia o nombre geográfico como elemento de entrada PAVIMENTOS
700 ## - ENTRADA AGREGADA--NOMBRE PERSONAL
Nombre de persona MSc. Ingeniero Armando Fuentes Roca
Término indicativo de función/relación asesor
942 ## - ELEMENTOS DE ENTRADA SECUNDARIOS (KOHA)
Fuente de la clasificación o esquema de estantería Clasificación Decimal Dewey
Tipo de ítem Koha TESISPOSTGRADO
945 ## - PROCESAMIENTO DE INFORMACIÓN LOCAL (OCLC)
a amlo
Existencias
Estatus retirado Estado de pérdida Fuente de la clasificación o esquema de estantería Estado de daño No para préstamo Biblioteca de origen Biblioteca actual Fecha de adquisición Número de inventario Total de préstamos Signatura topográfica completa Código de barras Visto por última vez Precio de reemplazo Tipo de ítem Koha Nota pública
    Clasificación Decimal Dewey     CENTRO DE INFORMACIÓN A LA CONSTRUCCIÓN-CICON CENTRO DE INFORMACIÓN A LA CONSTRUCCIÓN-CICON 12/11/2025 P20160112   TPI-16-0112 20160112 12/11/2025 12/11/2025 TESISPOSTGRADO disponible